Statistics for The Ten Most Visited Countries in Europe

Click here to take the quiz!

General Stats

  • This quiz has been taken 756 times
  • The average score is 9 of 10

Answer Stats

HintAnswer% Correct
1.France81,411,000 visitors
100%
3.Italy46,119,000 visitors
99%
2.Spain56,694,000 visitors
99%
4.United Kingdom29,306,000 visitors
99%
5.Germany28,374,000 visitors
98%
9.Greece16,427,000 visitors
93%
6.Russia24,932,000 visitors
92%
10.Poland13,350,000 visitors
89%
7.Austria23,012,000 visitors
86%
8.Ukraine21,415,000 visitors
59%

Score Distribution

Percentile by Number Answered

Percent of People with Each Score

Your Score History

You have not taken this quiz